000 00292nam a2200109Ia 4500
008 220204s9999 xx 000 0 und d
082 _a005
_bPAS
100 _aPascal, Blaise
245 0 _aProvincial letters pensees scientific treatise
260 _aChicago
_bWilliam Benton
_c1952
942 _cBK
999 _c36160
_d36160